<?xml version="1.0" encoding="UTF-8"?>
<record
    xmlns:xsi="http://www.w3.org/2001/XMLSchema-instance"
    xsi:schemaLocation="http://www.loc.gov/MARC21/slim http://www.loc.gov/standards/marcxml/schema/MARC21slim.xsd"
    xmlns="http://www.loc.gov/MARC21/slim">

  <leader>00323nam a22001337a 4500</leader>
  <datafield tag="040" ind1=" " ind2=" ">
    <subfield code="c">NUST</subfield>
  </datafield>
  <datafield tag="082" ind1=" " ind2=" ">
    <subfield code="a">428.4076</subfield>
    <subfield code="b">TOM</subfield>
  </datafield>
  <datafield tag="100" ind1=" " ind2=" ">
    <subfield code="a">Tomlinson, Brain </subfield>
    <subfield code="9">119391</subfield>
  </datafield>
  <datafield tag="245" ind1=" " ind2=" ">
    <subfield code="a">Reading :</subfield>
    <subfield code="b">Upper Intermediate /</subfield>
    <subfield code="c">Brain Tomlinson</subfield>
  </datafield>
  <datafield tag="260" ind1=" " ind2=" ">
    <subfield code="a">New York :</subfield>
    <subfield code="b">Oxford; </subfield>
    <subfield code="c">1987.</subfield>
  </datafield>
  <datafield tag="300" ind1=" " ind2=" ">
    <subfield code="a">90p.</subfield>
  </datafield>
  <datafield tag="521" ind1=" " ind2=" ">
    <subfield code="b">HB</subfield>
  </datafield>
  <datafield tag="942" ind1=" " ind2=" ">
    <subfield code="2">ddc</subfield>
    <subfield code="c">BK</subfield>
  </datafield>
  <datafield tag="999" ind1=" " ind2=" ">
    <subfield code="c">607139</subfield>
    <subfield code="d">607139</subfield>
  </datafield>
  <datafield tag="952" ind1=" " ind2=" ">
    <subfield code="0">0</subfield>
    <subfield code="1">0</subfield>
    <subfield code="2">ddc</subfield>
    <subfield code="4">0</subfield>
    <subfield code="7">0</subfield>
    <subfield code="a">SMME</subfield>
    <subfield code="b">SMME</subfield>
    <subfield code="c">AL</subfield>
    <subfield code="d">2023-11-30</subfield>
    <subfield code="l">0</subfield>
    <subfield code="o">428.4076 TOM</subfield>
    <subfield code="p">SMME-4510</subfield>
    <subfield code="r">2023-11-30</subfield>
    <subfield code="w">2023-11-30</subfield>
    <subfield code="y">BK</subfield>
  </datafield>
  <datafield tag="952" ind1=" " ind2=" ">
    <subfield code="0">0</subfield>
    <subfield code="1">0</subfield>
    <subfield code="2">ddc</subfield>
    <subfield code="4">0</subfield>
    <subfield code="7">0</subfield>
    <subfield code="a">SMME</subfield>
    <subfield code="b">SMME</subfield>
    <subfield code="c">AL</subfield>
    <subfield code="d">2023-11-30</subfield>
    <subfield code="l">0</subfield>
    <subfield code="o">428.4076 TOM</subfield>
    <subfield code="p">SMME-4511</subfield>
    <subfield code="r">2023-11-30</subfield>
    <subfield code="w">2023-11-30</subfield>
    <subfield code="y">BK</subfield>
  </datafield>
  <datafield tag="952" ind1=" " ind2=" ">
    <subfield code="0">0</subfield>
    <subfield code="1">0</subfield>
    <subfield code="2">ddc</subfield>
    <subfield code="4">0</subfield>
    <subfield code="7">0</subfield>
    <subfield code="a">SMME</subfield>
    <subfield code="b">SMME</subfield>
    <subfield code="c">AL</subfield>
    <subfield code="d">2023-11-30</subfield>
    <subfield code="l">1</subfield>
    <subfield code="o">428.4076 TOM</subfield>
    <subfield code="p">SMME-4512</subfield>
    <subfield code="r">2026-02-06</subfield>
    <subfield code="s">2025-12-08</subfield>
    <subfield code="w">2023-11-30</subfield>
    <subfield code="y">BK</subfield>
  </datafield>
</record>
